000 01023cam a2200325 a 4500
999 _c526970
_d526970
001 16632913
003 NUST
005 20190720102838.0
008 110201s2012 maua 001 0 eng
010 _a 2011000245
020 _a9780132662369
020 _a9789353062828
038 _aArshad
040 _aDLC
_cDLC
_dDLC
042 _apcc
050 0 0 _aQA76.73.C153
_bD45 2012
082 0 0 _a005.133
_bDEI
100 1 _aDeitel, Paul .
_917997
245 1 0 _aC how to program :
_bwith an Introduction to C++ /
_cPaul Deitel, Harvey Deitel.
250 _a8th ed.
260 _aNew Delhi :
_bPrentice Hall,
_c2016.
300 _axxxii, 1005 p. :
_bill. ;
_c24 cm.
490 0 _aHow to program series
500 _aIncludes index.
650 0 _aC++ (Computer program language)
_91810
700 1 _aDeitel, Harvey M.,
_d1945-
_917972
906 _a7
_bcbc
_corignew
_d1
_eecip
_f20
_gy-gencatlg
942 _2ddc
_cBK